000 00837nam a22002177a 4500
003 UA-OsUOA
001 114083
007 ta
008 20151015b un ||||| |||| 00| 0 ukr d
100 _aБраташ О.
090 _a81
_bБ87
942 _cSA
040 _aUA-OsUOA
_bukr
_cUA-OsUOA
_dUA-OsUOA
245 _aМатеріали до вивчення стилістики речення на уроках української мови в 11 класі (з використанням ІКТ)
300 _aС.14-37
955 _a0
041 _aukr
080 _a81
773 0 _w114081
_tПрограма психологічного супроводу обдарованих дітей
_dЛьвів
_d2015
_g3
650 7 _a8 Мовознавство. Художня література. Літературознавство
_2UDC
999 _c400157
_d400157